Right of lights ahead! (Record no. 80586)

MARC details
000 -LEADER
fixed length control field 00852cab a22001815a 4500
001 - CONTROL NUMBER
control field L144787
008 - FIXED-LENGTH DATA ELEMENTS--GENERAL INFORMATION
fixed length control field 080811s2008 xxk f 000 0 eng d
035 ## - SYSTEM CONTROL NUMBER
System control number (Sirsi) u144787
041 0# - LANGUAGE CODE
Language code of text/sound track or separate title eng
100 1# - MAIN ENTRY--PERSONAL NAME
Personal name Francis, Andrew
245 00 - TITLE STATEMENT
Title Right of lights ahead!
260 ## - PUBLICATION, DISTRIBUTION, ETC.
Date of publication, distribution, etc. 2008
490 ## - SERIES STATEMENT
Series statement Journal of Building Appraisal
Volume/sequential designation 4(1) 3 June 2008, 5-13(9)
520 ## - SUMMARY, ETC.
Summary, etc. Paper discusses the practical side of rights of light from the planning stage to building completion. Features contrasting case studies taken from recent legal cases on the matter. Paper is not intended as a detailed study of legislation, but rather as a series of practical suggestions for commonplace consideration of the topic.
651 #4 - SUBJECT ADDED ENTRY--GEOGRAPHIC NAME
Geographic name England and Wales
Chronological subdivision 1543-
690 ## - LOCAL SUBJECT ADDED ENTRY--TOPICAL TERM (OCLC, RLIN)
Topical term or geographic name as entry element PROPERTY-PROPERTY MANAGEMENT-EASEMENTS-RIGHTS TO LIGHT DETERMINATION-RIGHTS TO LIGHT
942 ## - ADDED ENTRY ELEMENTS (KOHA)
Suppress in OPAC 0
Holdings
Withdrawn status Lost status Source of classification or shelving scheme Damaged status Not for loan Home library Current library Shelving location Date acquired Total Checkouts Full call number Barcode Date last seen Copy number Price effective from Koha item type
    Dewey Decimal Classification     London London Journal article 11/08/2008   L144787 144787-1001 06/08/2019 1 06/08/2019 Journal article